Law, religion and love : seeking ecumenical justice for the other (Record no. 83296)

MARC details
000 -LEADER
fixed length control field 00863 a2200265 4500
003 - CONTROL NUMBER IDENTIFIER
control field CBULib
005 - DATE AND TIME OF LATEST TRANSACTION
control field 20240520124521.0
008 - FIXED-LENGTH DATA ELEMENTS--GENERAL INFORMATION
fixed length control field 231206b |||||||| |||| 00| 0 eng d
020 ## - INTERNATIONAL STANDARD BOOK NUMBER
International Standard Book Number 9781138684560
040 ## - CATALOGING SOURCE
Language of cataloging English
Transcribing agency CBULib
Description conventions rda
041 ## - LANGUAGE CODE
Language code of text/sound track or separate title eng
050 ## - LIBRARY OF CONGRESS CALL NUMBER
Classification number BL 65.L33 Law
100 1# - MAIN ENTRY--PERSONAL NAME
Personal name Babie, Paul,
9 (RLIN) 1258
Dates associated with a name 1966-
245 ## - TITLE STATEMENT
Title Law, religion and love : seeking ecumenical justice for the other
Statement of responsibility, etc / by Paul Babie; and Vanja-Ivan Savic
260 ## - PUBLICATION, DISTRIBUTION, ETC. (IMPRINT)
Name of publisher, distributor, etc Routledge,
Date of publication, distribution, etc 2018.
Place of publication, distribution, etc New York :
300 ## - PHYSICAL DESCRIPTION
Extent xix, 314 pages
336 ## - CONTENT TYPE
Source rdacontent
Content type term Text |
Content type code txt
337 ## - MEDIA TYPE
Source rdamedia
Media type term Unmediated |
Media type code n
338 ## - CARRIER TYPE
Source rdacarrier
Carrier type term Volume
Carrier type code nc
504 ## - BIBLIOGRAPHY, ETC. NOTE
Bibliography, etc Includes bibliographical reference and index
650 #0 - SUBJECT ADDED ENTRY--TOPICAL TERM
9 (RLIN) 1259
Topical term or geographic name as entry element LOVE RELIGIOUS ASPECTS
650 #0 - SUBJECT ADDED ENTRY--TOPICAL TERM
9 (RLIN) 1260
Topical term or geographic name as entry element OTHER (PHILOSOPHY) RELIGIOUS ASPECTS
650 #0 - SUBJECT ADDED ENTRY--TOPICAL TERM
9 (RLIN) 1261
Topical term or geographic name as entry element RELIGION AND LAW
942 ## - ADDED ENTRY ELEMENTS (KOHA)
Source of classification or shelving scheme
Koha item type MONOGRAPH
Holdings
Withdrawn status Lost status Source of classification or shelving scheme Damaged status Not for loan Collection code Permanent Location Current Location Shelving location Date acquired Source of acquisition Cost, normal purchase price Full call number Barcode Date last seen Copy number Price effective from Koha item type
          Main Library Open Access Collection CBU-MAIN LIBRARY, KITWE. CBU-MAIN LIBRARY, KITWE. General Stacks 12/06/2023 Book Aid International 189.02 BL 65.L33 Law 752565 12/06/2023 1 12/06/2023 MONOGRAPH
          Main Library Open Access Collection CBU-MAIN LIBRARY, KITWE. CBU-MAIN LIBRARY, KITWE. General Stacks 12/06/2023 Book Aid International 189.02 BL 65.L33 Law 752568 12/06/2023 2 12/06/2023 MONOGRAPH